U.S States That Have Two Words Quiz - Statistics

General Stats
  • This quiz has been taken 1,231 times
  • The average score is 9 of 10
Answer Stats
Answer % Correct
North Dakota
98%
New York
97%
South Carolina
97%
South Dakota
97%
North Carolina
96%
New Hampshire
93%
New Mexico
93%
New Jersey
91%
West Virginia
87%
Rhode Island
78%
No matching quizzes found
Score Distribution
Percent of People with Each Score
Percentile by Number Answered
Your Score History
You have not taken this quiz